الحركة السنوسية فى ليبيا : (Record no. 16054)
[ view plain ]
| 000 -الفاتح | |
|---|---|
| حقل البيانات ثابتة الطول | 00887nam a22001577a 4500 |
| 008 - عناصر البيانات ثابتة الطول - معلومات عامة | |
| حقل البيانات ثابتة الطول | 110919t1999 xxu||||g |||| 000 0 ara d |
| 082 ## - رقم تصنيف ديوى العشرى | |
| رقم الطبعة | 22 |
| رقم التصنيف | 691.02 |
| رقم المادة | ص لا ب |
| 100 ## - المدخل الرئيسى - إسم شخصى | |
| 9 (RLIN) | 27256 |
| الإسم الشخصى | الصلابى،على محمد محمد |
| 245 ## - بيان العنوان | |
| العنوان | الحركة السنوسية فى ليبيا : |
| بقية العنوان | الإمام محمد بن على السنوسى و منهجة فى التأسيس(التعليمى و الحركى و التربوى و الدعوى و السياسى ) |
| 260 ## - PUBLICATION, DISTRIBUTION, ETC. (IMPRINT) | |
| مكان الناشر او الموزع | عمان: |
| اسم الناشر او الموزع | دار البيارق،1999. |
| تاريخ النشر أو التوزيع | 1999. |
| 300 ## - الوصف المادى | |
| التعداد | مج1؛ |
| أبعاد الوعاء | 24سم. |
| 490 ## - بيان السلسلة | |
| -- | 27257 |
| عنوان السلسلة | صفحات من التاريخ الاسلامى فى الشمال الأفريقى، |
| -- | 7 |
| 650 ## - المدخل الاضافى بالموضوع-مصطلح موضوعى | |
| 9 (RLIN) | 27250 |
| مصطلح موضوعي أو اسم جغرافي كعنصر مدخل | ليبيا |
| التقسيم الفرعي الزمني | تاريخ-العصر الحديث |
| 942 ## - عناصر المدخل الإضافي( كوها) | |
| مصدر التصنيف او مخطط الترفيف | Dewey Decimal Classification |
| Koha [default] item type | Book - Borrowing |
| حالة التراجع | حالة الفقد | مصدر التصنيف او خطة الترفيف | حالة تلف | ليس للاعارة | مجموعات كوها | المكان الدائم | المكان الحالي | موقع الترفيف | تاريخ الاكتساب | Source of acquisition | رقم الاستدعاء | الباركود | Date last seen | نوع الوعاء |
|---|---|---|---|---|---|---|---|---|---|---|---|---|---|---|
| Dewey Decimal Classification | Central Library | Central Library | First floor | 19/09/2011 | Purchase | 691.02 ص لا ب | 000024390 | 15/07/2025 | Book - Borrowing |